Data Envelopment Analysis for Measuring Economic Growth in Terms of Welfare beyond GDP
Potreba nových prístupov k meraniu ekonomického výkonu podnikov a národných ekonomík. Ekonomické, sociálne a environmentálne ciele nových konceptov merania. Analýza obaľovania dát environmentálnych a sociálnych indikátorov s cieľom určiť ekoefektivitu a sociálny výkon. Analýza 30 európskych krajín r...
Guardado en:
| Autor principal: | |
|---|---|
| Otros Autores: | , |
| Formato: | Capítulo de libro |
| Lenguaje: | inglés |
| Materias: | |
| Etiquetas: |
Sin Etiquetas, Sea el primero en etiquetar este registro!
|
MARC
| LEADER | 00000nla a2200000 4500 | ||
|---|---|---|---|
| 001 | 0191982 | ||
| 005 | 20250702144302.0 | ||
| 041 | 0 | |a eng | |
| 044 | |a NL | ||
| 245 | 1 | 0 | |a Data Envelopment Analysis for Measuring Economic Growth in Terms of Welfare beyond GDP |c Martin Lábaj, Mikuláš Luptáčik, Eduard Nežinský |
| 520 | |a Potreba nových prístupov k meraniu ekonomického výkonu podnikov a národných ekonomík. Ekonomické, sociálne a environmentálne ciele nových konceptov merania. Analýza obaľovania dát environmentálnych a sociálnych indikátorov s cieľom určiť ekoefektivitu a sociálny výkon. Analýza 30 európskych krajín roku 2010. | ||
| 610 | 2 | 0 | |a efektívnosť ekonomická |
| 610 | 2 | 0 | |a analýza ekonometrická |
| 610 | 2 | 0 | |a produkt domáci hrubý |
| 610 | 2 | 0 | |a ukazovatele výkonnosti |
| 610 | 2 | 0 | |a modelovanie ekonometrické |
| 100 | 1 | |a Lábaj, Martin, 1982- | |
| 700 | 1 | |a Luptáčik, Mikuláš | |
| 700 | 1 | |a Nežinský, Eduard, 1972- | |